Ciencia, política y poder : (Record no. 180134)

MARC details
000 -LEADER
campo de control de longitud fija 00901nam a2200265 i 4500
001 - NÚMERO DE CONTROL
campo de control 180134
003 - IDENTIFICADOR DE NÚMERO DE CONTROL
campo de control ES-MaACL
005 - FECHA Y HORA DE LA ÚLTIMA TRANSACCIÓN
campo de control 20250902225547.0
008 - DATOS DE LONGITUD FIJA--INFORMACIÓN GENERAL
campo de control de longitud fija 120423s2010 sp aco |||| |dspa d
020 ## - NÚMERO INTERNACIONAL ESTÁNDAR DEL LIBRO
Número Internacional Estándar del Libro 978-84-96515-99-4
080 ## - NÚMERO DE LA CLASIFICACIÓN DECIMAL UNIVERSAL
Número de la Clasificación Decimal Universal 001:32
100 1# - ENTRADA PRINCIPAL--NOMBRE DE PERSONA
Nombre de persona Sánchez Ron, José Manuel,
Fechas asociadas al nombre 1949-
9 (RLIN) 102904
245 10 - MENCIÓN DEL TÍTULO
Título Ciencia, política y poder :
Resto del título Napoleón, Hitler, Stalin y Eisenhower /
Mención de responsabilidad, etc. José Manuel Sánchez Ron.
250 ## - MENCION DE EDICION
Mención de edición 1ª ed.
260 ## - PUBLICACIÓN, DISTRIBUCIÓN, ETC.
Lugar de publicación, distribución, etc. Bilbao :
Nombre del editor, distribuidor, etc. Fundación BBVA,
Fecha de publicación, distribución, etc. 2010.
300 ## - DESCRIPCIÓN FÍSICA
Extensión 261 p. :
Otras características físicas il. ;
Dimensiones 24 cm.
490 1# - MENCIÓN DE SERIE
Mención de serie Conferencias magistrales
504 ## - NOTA DE BIBLIOGRAFÍA, ETC.
Nota de bibliografía, etc. Bibliografía: p. 251-256.
650 #4 - PUNTO DE ACCESO ADICIONAL DE MATERIA--TÉRMINO DE MATERIA
Término de materia o nombre geográfico como elemento de entrada Ciencia-
Subdivisión general Aspectos políticos.
9 (RLIN) 10934
710 2# - ENTRADA AGREGADA--NOMBRE DE ENTIDAD CORPORATIVA
Nombre de entidad corporativa o nombre de jurisdicción como elemento de entrada Fundación BBVA
9 (RLIN) 4230
830 1# - PUNTO DE ACCESO ADICIONAL DE SERIE-TÍTULO UNIFORME
Título uniforme Conferencias magistrales
9 (RLIN) 191426
852 4# - LOCALIZACIÓN
Ubicación ES-MaACL
Número de control de estantería A-12067
itemnumber 187044
Sublocalización o colección R.145801
Ubicación en estantería Depósito 1
Signatura antigua Olim: N-5072
942 ## - ELEMENTOS DE ENTRADA SECUNDARIOS (KOHA)
Fuente del sistema de clasificación o colocación Clasificación decimal universal
Tipo de ítem Koha Libro impreso
Holdings
Estatus retirado Estado de pérdida Fuente del sistema de clasificación o colocación Estado de daño No para préstamo Biblioteca de origen Biblioteca actual Ubicación en estantería Fecha de adquisición Fuente de adquisición Total de préstamos Signatura topográfica completa Código de barras Visto por última vez Precio de reemplazo Tipo de ítem Koha
    Clasificación decimal universal     Biblioteca del Ateneo de Madrid Biblioteca del Ateneo de Madrid Depósito 1 23/04/2012 Donación   A-12067 1189271 23/02/2023 23/02/2023 Libro impreso